[Event "Mechanics' Spring TNM; 30/90, SD/30"]
[Site "San Francisco"]
[Date "2009.03.24"]
[Round "2.23"]
[White "Hilliard, Michael"]
[Black "Milliken, William"]
[Result "0-1"]
[WhiteElo "1402"]
[BlackElo "1692"]
[PlyCount "118"]
[EventDate "2009.??.??"]

1. d4 d5 2. Nf3 Nf6 3. e3 e6 4. Bd3 c5 5. c3 Bd6 6. Nbd2 O-O 7. O-O Nbd7 8. Qe2
e5 9. e4 exd4 10. cxd4 dxe4 11. Nxe4 Re8 12. Bg5 Be7 13. Rfe1 Kf8 14. Qc2 cxd4
15. Nxf6 Bxf6 16. Rxe8+ Kxe8 17. Re1+ Kf8 18. Bxf6 Nxf6 19. Qc5+ Kg8 20. Nxd4
Bg4 21. Bc4 Rc8 22. Bxf7+ Kxf7 23. Qxa7 Qd5 24. h3 Bh5 25. Ne6 Re8 26. Ng5+
Qxg5 27. Qxb7+ Kg6 28. Rxe8 Nxe8 29. Qe4+ Kf7 30. b4 Nf6 31. Qb7+ Kf8 32. b5
Qd5 33. Qc8+ Be8 34. b6 Qd1+ 35. Kh2 Qd6+ 36. g3 Qxb6 37. Qf5 Qd4 38. g4 Qd5
39. Qf4 h6 40. Qb4+ Kg8 41. a4 Bc6 42. Qb8+ Kh7 43. Qb1+ Qe4 44. Qxe4+ Bxe4 45.
a5 Bb7 46. f4 Kg6 47. Kg3 Ne4+ 48. Kf3 Nd6+ 49. Ke3 Nc4+ 50. Kd4 Nxa5 51. h4
Bc8 52. h5+ Kf6 53. f5 Bxf5 54. gxf5 Kxf5 55. Ke3 Kg5 56. Kf3 Kxh5 57. Kg3 g5
58. Kh3 g4+ 59. Kg3 Kg5 0-1

[Event "Mechanics' Winter TNM; 30/90, SD/30"]
[Site "San Francisco"]
[Date "2009.01.27"]
[Round "4.29"]
[White "Hilliard, Michael"]
[Black "Nelson, Christopher"]
[Result "0-1"]
[WhiteElo "1437"]
[BlackElo "1407"]
[PlyCount "72"]
[EventDate "2009.??.??"]

1. d4 f5 2. Nc3 b6 3. Bf4 Bb7 4. e3 Nf6 5. Nf3 e6 6. Bd3 Bb4 7. Qd2 Ne4 8. Bxe4
fxe4 9. Ne5 d6 10. Nc4 Nd7 11. a3 Bxc3 12. Qxc3 Nf6 13. Nd2 Nd5 14. Qc4 Nxf4
15. exf4 d5 16. Qb5+ c6 17. Qe2 O-O 18. Qe3 Qf6 19. g3 c5 20. c3 Ba6 21. O-O-O
Rac8 22. Kb1 Bd3+ 23. Ka1 cxd4 24. cxd4 Rc2 25. Rc1 Rfc8 26. Nb3 b5 27. f3 b4
28. a4 Qd8 29. Nc5 R8xc5 30. fxe4 dxe4 31. dxc5 Re2 32. Qg1 Qf6 33. Rb1 Bxb1
34. Qxb1 Qd4 35. c6 b3 36. c7 Qxa4+ 0-1

[Event "Mechanics' Summer TNM; 30/90, SD/30"]
[Site "San Francisco"]
[Date "2009.05.26"]
[Round "1.20"]
[White "Hilliard, Michael"]
[Black "Persidsky, Andre"]
[Result "1-0"]
[WhiteElo "1400"]
[BlackElo "1855"]
[PlyCount "43"]
[EventDate "2009.??.??"]

1. d4 d5 2. Nf3 Nf6 3. e3 e6 4. Bd3 c5 5. c3 Bd6 6. Nbd2 O-O 7. O-O Nc6 8. Re1
b6 9. e4 dxe4 10. Nxe4 Be7 11. Nxf6+ Bxf6 12. Be4 Bb7 13. d5 exd5 14. Bxd5 Qc7
15. Be4 g6 16. Bh6 Rfe8 17. Qa4 Rad8 18. Rad1 Rxd1 19. Qxd1 Bg7 20. Qd2 Bxh6
21. Qxh6 Rd8 22. Ng5 1-0

[Event "Mechanics' Winter TNM; 30/90, SD/30"]
[Site "San Francisco"]
[Date "2009.02.17"]
[Round "7.27"]
[White "Hilliard, Michael"]
[Black "Piccinini, Guido"]
[Result "1/2-1/2"]
[WhiteElo "1437"]
[BlackElo "1349"]
[PlyCount "112"]
[EventDate "2009.??.??"]

1. d4 Nf6 2. c4 e6 3. Nc3 c5 4. d5 exd5 5. cxd5 d6 6. e4 Be7 7. f4 O-O 8. Nf3
Re8 9. Be2 Bf8 10. e5 dxe5 11. fxe5 Nfd7 12. Bg5 Be7 13. h4 Nxe5 14. Bxe7 Nxf3+
15. gxf3 Qxe7 16. Qc2 Qe3 17. Nd1 Qxf3 18. Rf1 Qg3+ 19. Nf2 Bg4 20. O-O-O Rxe2
21. Qxc5 Na6 22. Qd4 Rc8+ 23. Kb1 Bf5+ 24. Ka1 Rcc2 25. Rg1 Qe5 26. Qxe5 Rxe5
27. Ng4 Bxg4 28. Rxg4 Re8 29. Rdg1 g6 30. h5 Nc7 31. d6 Ne6 32. hxg6 fxg6 33.
Rd1 Rec8 34. Kb1 R2c6 35. Re4 Nc5 36. Re7 Rd8 37. b4 Nd7 38. a4 a6 39. Kb2 Nb6
40. d7 Nxd7 41. Rdxd7 Rxd7 42. Rxd7 b5 43. axb5 axb5 44. Rb7 h5 45. Rxb5 Kg7
46. Rb7+ Kf6 47. b5 Rc8 48. b6 g5 49. Rc7 Rb8 50. Rc6+ Kf5 51. Rc5+ Kf4 52.
Rc4+ Kf5 53. Rc5+ Ke6 54. Rxg5 Rxb6+ 55. Kc3 Kf6 56. Rxh5 Kg6 1/2-1/2

[Event "Mechanics' Fall TNM; 30/90, SD/30"]
[Site "San Francisco"]
[Date "2009.10.20"]
[Round "1.20"]
[White "Hilliard, Michael"]
[Black "Riese, Kayven"]
[Result "0-1"]
[WhiteElo "1467"]
[BlackElo "1863"]
[PlyCount "20"]
[EventDate "2009.??.??"]

1. d4 Nf6 2. Bg5 c5 3. d5 Qb6 4. b3 g6 5. Na3 Qb4+ 6. Qd2 Qxa3 7. c4 Bg7 8. Rd1
Ne4 9. Qe3 Bc3+ 10. Rd2 Qc1# 0-1

[Event "Mechanics' Wilkerson Mem TNM; 30/90, SD"]
[Site "San Francisco"]
[Date "2009.09.22"]
[Round "8.20"]
[White "Hilliard, Michael"]
[Black "Rosenstein, Perry"]
[Result "0-1"]
[WhiteElo "1400"]
[BlackElo "1334"]
[PlyCount "86"]
[EventDate "2009.??.??"]

1. d4 d5 2. Nf3 Nf6 3. e3 c5 4. c3 Nc6 5. Bd3 g6 6. Nbd2 Bg7 7. O-O O-O 8. Re1
b6 9. a3 Qd6 10. dxc5 bxc5 11. e4 dxe4 12. Nxe4 Nxe4 13. Bxe4 Bb7 14. Qxd6 exd6
15. Bf4 Rad8 16. Rad1 Na5 17. Rxd6 Bxe4 18. Rxe4 f5 19. Re2 Nc4 20. Rxd8 Rxd8
21. Kf1 Rd1+ 22. Ne1 h6 23. Re8+ Kf7 24. Rc8 Nxb2 25. Ke2 Rxe1+ 26. Kxe1 Nd3+
27. Kd2 Nxf4 28. Rc7+ Kg8 29. Rxc5 Nxg2 30. Rc8+ Bf8 31. c4 Nf4 32. c5 Nd5 33.
Kd3 Kf7 34. Kd4 Ne7 35. Rc7 Ke6 36. Rxa7 Nc6+ 37. Kc4 Nxa7 38. a4 Be7 39. a5 g5
40. a6 Kd7 41. Kd5 f4 42. h3 h5 43. f3 Bd8 0-1

[Event "Mechanics' Wilkerson Mem TNM; 30/90, SD"]
[Site "San Francisco"]
[Date "2009.09.01"]
[Round "5.20"]
[White "Hilliard, Michael"]
[Black "Salvo, Tab"]
[Result "0-1"]
[WhiteElo "1400"]
[BlackElo "1698"]
[PlyCount "94"]
[EventDate "2009.??.??"]

1. d4 d6 2. Nf3 Nf6 3. c4 c5 4. d5 g6 5. Nc3 Bg7 6. e4 Bg4 7. Be2 Nbd7 8. O-O
O-O 9. Rb1 Nb6 10. Qd3 Nbd7 11. b4 cxb4 12. Rxb4 Nc5 13. Qb1 Nfd7 14. Na4 b6
15. Nxc5 Nxc5 16. Be3 Bc3 17. Bxc5 bxc5 18. Rb3 Bf6 19. Qc2 Bd7 20. Qd3 Qa5 21.
Ra3 Qc7 22. Rb1 Rfb8 23. Rbb3 Rb4 24. Rxb4 cxb4 25. Rb3 a5 26. Nd4 Qc5 27. Nc2
Ba4 28. Rb1 Rb8 29. g3 h5 30. Na1 Bd7 31. Nb3 Qa7 32. Kg2 a4 33. Nc1 Bd4 34. f4
Bg1 35. Qf3 Bd4 36. Nd3 b3 37. axb3 axb3 38. Bd1 Qa2+ 39. Rb2 Qa3 40. Rb1 b2
41. Bc2 Qc3 42. Bd1 Bg4 43. Qf1 Qd2+ 44. Kh1 Bxd1 45. Rxd1 Qxd1 46. Qxd1 b1=Q
47. Nc1 Qxe4+ 0-1

[Event "Mechanics' Summer TNM; 30/90, SD/30"]
[Site "San Francisco"]
[Date "2009.06.25"]
[Round "5.22"]
[White "Hilliard, Michael"]
[Black "Sanguinetti, George"]
[Result "0-1"]
[WhiteElo "1400"]
[BlackElo "2002"]
[PlyCount "50"]
[EventDate "2009.??.??"]

1. d4 Nf6 2. c4 e6 3. Nc3 Bb4 4. Qc2 c5 5. Nf3 Nc6 6. dxc5 Bxc5 7. e4 O-O 8.
Be2 a6 9. a3 b5 10. b4 Ba7 11. c5 d6 12. e5 dxe5 13. Bg5 Bb7 14. Bxf6 gxf6 15.
Bd3 f5 16. Rd1 Qf6 17. Be2 Nd4 18. Qb2 Rad8 19. O-O Kh8 20. Ne1 Rg8 21. Rd3 e4
22. Rh3 f4 23. f3 Nxe2+ 24. Qxe2 Qxc3 25. fxe4 Qxh3 0-1

[Event "Mechanics' Fall TNM; 30/90, SD/30"]
[Site "San Francisco"]
[Date "2009.12.15"]
[Round "9.22"]
[White "Hilliard, Michael"]
[Black "Todortsev, Victor"]
[Result "0-1"]
[WhiteElo "1467"]
[BlackElo "1960"]
[PlyCount "70"]
[EventDate "2009.??.??"]

1. d4 f5 2. Nf3 Nf6 3. Bf4 e6 4. e3 Be7 5. Be2 O-O 6. O-O Nh5 7. Ne5 Nxf4 8.
exf4 d6 9. Nf3 Nd7 10. c4 b6 11. d5 e5 12. fxe5 dxe5 13. Nc3 Bb7 14. Qc2 a6 15.
Rae1 Bd6 16. Qd2 e4 17. Ng5 Ne5 18. g3 Rf6 19. f3 e3 20. Qd4 h6 21. Nh3 Qe7 22.
f4 Ng4 23. Kg2 Re8 24. Bxg4 fxg4 25. Ng1 Bc5 26. Qd3 Qd7 27. Nge2 Rfe6 28. Kg1
Rd6 29. Rd1 c6 30. Ne4 Rxe4 31. Qxe4 cxd5 32. cxd5 Rxd5 33. Qc4 Kh8 34. Qb3 Rd2
35. Rfe1 Qc6 0-1

[Event "Mechanics' Winter TNM; 30/90, SD/30"]
[Site "San Francisco"]
[Date "2009.02.10"]
[Round "6.24"]
[White "Homer, Nicolas Oca"]
[Black "Allen, Tom"]
[Result "1-0"]
[WhiteElo "1677"]
[BlackElo "1539"]
[PlyCount "84"]
[EventDate "2009.??.??"]

1. a4 e5 2. h4 d5 3. Na3 Nf6 4. d4 exd4 5. Qxd4 Nc6 6. Qd1 Bc5 7. c3 Ne4 8. e3
a5 9. Nb5 Ne5 10. Be2 O-O 11. Nf3 Re8 12. Nxe5 Rxe5 13. g3 Ra6 14. Nd4 Rf6 15.
f4 Re8 16. g4 Ng3 17. Rh3 Nxe2 18. Qxe2 Rxf4 19. Bd2 Bxg4 20. Qh2 Bd6 21. Rg3
Rxd4 22. cxd4 Bxg3+ 23. Qxg3 Re4 24. Bc3 Bh5 25. Bxa5 Qxh4 26. Qxh4 Rxh4 27.
Kd2 b6 28. Bb4 Bf3 29. Be7 Rh6 30. a5 bxa5 31. Rxa5 f5 32. Ra7 Rc6 33. b4 Be4
34. Bc5 Rg6 35. Rxc7 Rg2+ 36. Ke1 Rb2 37. Rb7 h5 38. Be7 Kh7 39. Bf6 Kg6 40.
Bxg7 Kg5 41. Be5 Kg4 42. Rg7+ Kf3 {
additional moves missing, or previous moves incorrect} 1-0

[Event "Mechanics' Winter TNM; 30/90, SD/30"]
[Site "San Francisco"]
[Date "2009.01.13"]
[Round "2.14"]
[White "Jaffray, John"]
[Black "Delgersaikhan, Amartuvshin"]
[Result "1-0"]
[WhiteElo "1977"]
[BlackElo "1627"]
[PlyCount "87"]
[EventDate "2009.??.??"]

1. e4 c5 2. Nf3 d6 3. d4 cxd4 4. Nxd4 Nf6 5. Nc3 a6 6. Be3 Nc6 7. Be2 g6 8. O-O
Nxd4 9. Bxd4 Bg7 10. e5 dxe5 11. Bxe5 O-O 12. Bf3 Bf5 13. Bxb7 Ra7 14. Bf3 Rd7
15. Qe2 Rd2 16. Qxa6 Bxc2 17. Rfe1 Bd3 18. Qb7 Bf5 19. Rad1 Ng4 20. Bg3 Bxc3
21. bxc3 Bc2 22. Rxd2 Qxd2 23. Qxe7 Ba4 24. Bxg4 Re8 25. Qxe8+ Bxe8 26. Rxe8+
Kg7 27. h3 Qxa2 28. Be5+ f6 29. Re7+ Kf8 30. Bd6 Qd2 31. Rd7+ Ke8 32. Be6 Qxc3
33. Rxh7 Qe1+ 34. Kh2 Qxe6 35. Re7+ Qxe7 36. Bxe7 Kxe7 37. Kg3 f5 38. Kf4 Kf6
39. h4 Kg7 40. Kg5 Kf7 41. h5 gxh5 42. Kxf5 h4 43. Kg4 h3 44. Kxh3 1-0

[Event "Mechanics' Winter TNM; 30/90, SD/30"]
[Site "San Francisco"]
[Date "2009.02.10"]
[Round "6.7"]
[White "Jaffray, John"]
[Black "Manvelyan, Hovik"]
[Result "1-0"]
[WhiteElo "1977"]
[BlackElo "1878"]
[PlyCount "55"]
[EventDate "2009.??.??"]

1. e4 e6 2. d4 d5 3. Nc3 Bb4 4. e5 c5 5. a3 Bxc3+ 6. bxc3 Ne7 7. Nf3 Qa5 8. a4
cxd4 9. Bd3 Qxc3+ 10. Bd2 Qc7 11. O-O Nbc6 12. Re1 b6 13. Qe2 h6 14. c3 dxc3
15. Bxc3 a5 16. Rac1 Qa7 17. Nd4 Nxd4 18. Bxd4 Bd7 19. Rb1 Rb8 20. Qe3 Nf5 21.
Bxf5 exf5 22. Bxb6 Qb7 23. Qd3 Bxa4 24. Bc5 Qc8 25. Rxb8 Qxb8 26. Qxd5 Qd8 27.
Qc4 Qd2 28. Qxa4+ 1-0

[Event "Mechanics' Winter TNM; 30/90, SD/30"]
[Site "San Francisco"]
[Date "2009.02.24"]
[Round "8.4"]
[White "Jaffray, John"]
[Black "Naroditsky, Alan"]
[Result "1/2-1/2"]
[WhiteElo "1977"]
[BlackElo "2052"]
[PlyCount "47"]
[EventDate "2009.??.??"]

1. e4 c5 2. Nf3 d6 3. d4 cxd4 4. Nxd4 Nf6 5. Nc3 a6 6. Be3 e5 7. Nb3 Be6 8. Be2
Nbd7 9. O-O Be7 10. f3 b5 11. a4 b4 12. Nd5 Bxd5 13. exd5 Nb6 14. Bxb6 Qxb6+
15. Kh1 O-O 16. Qd2 Rfc8 17. a5 Qb7 18. Rfd1 Nd7 19. Ra4 Rab8 20. Bd3 g6 21.
Qe2 Ra8 22. Qd2 Rab8 23. Qe2 Ra8 24. Qd2 1/2-1/2

[Event "Mechanics' Spring TNM; 30/90, SD/30"]
[Site "San Francisco"]
[Date "2009.03.17"]
[Round "2"]
[White "James, Charles"]
[Black "Russell, Joe"]
[Result "0-1"]
[WhiteElo "1381"]
[BlackElo "1831"]
[PlyCount "42"]
[EventDate "2009.??.??"]

1. d4 d5 2. c4 c6 3. Nf3 Nf6 4. Nc3 e6 5. e3 a6 6. Bd3 dxc4 7. Bxc4 b5 8. Bd3
c5 9. O-O Bb7 10. e4 cxd4 11. Nxd4 Bc5 12. Nf3 Nbd7 13. e5 Bxf3 14. gxf3 Nxe5
15. Be2 Qe7 16. Bf4 Rd8 17. Qc2 Nc6 18. Ne4 Nd4 19. Nxf6+ Qxf6 20. Bxb5+ axb5
21. Qe4 Qxf4 0-1

[Event "Mechanics' Spring TNM; 30/90, SD/30"]
[Site "San Francisco"]
[Date "2009.04.14"]
[Round "5.22"]
[White "James, Charles"]
[Black "Starr, Albert"]
[Result "0-1"]
[WhiteElo "1381"]
[BlackElo "1621"]
[PlyCount "120"]
[EventDate "2009.??.??"]

1. d4 f5 2. Nc3 d5 3. f4 e6 4. Nf3 Nf6 5. e3 Be7 6. Be2 O-O 7. O-O Nbd7 8. a3
c5 9. Ng5 Nb6 10. dxc5 Bxc5 11. b4 Be7 12. Nb5 a6 13. Nd4 Qd6 14. Bd2 h6 15.
Ngf3 Nc4 16. Ra2 Ng4 17. Qc1 Nxd2 18. Qxd2 e5 19. fxe5 Nxe5 20. Nxe5 Qxe5 21.
c4 Bg5 22. Rf3 dxc4 23. Bxc4+ Kh8 24. Qd3 b5 25. Nc6 bxc4 26. Nxe5 cxd3 27.
Ng6+ Kg8 28. Nxf8 Kxf8 29. Rd2 g6 30. Rxd3 Bb7 31. Rf2 Re8 32. Re2 Bc6 33. Rd6
Bb5 34. Rc2 Bxe3+ 35. Kh1 Ba7 36. h3 Re1+ 37. Kh2 Bb8 38. Rc8+ Ke7 39. Rxb8
Kxd6 40. Rb6+ Ke5 41. Rxg6 h5 42. Rg5 Be2 43. Kg3 Ra1 44. Kf2 Bd1 45. Rg3 Kf4
46. Rc3 Ra2+ 47. Ke1 Ba4 48. Rc4+ Kg3 49. Rc5 Bc2 50. Ra5 Bd3 51. a4 Kxg2 52.
Rd5 Be4 53. Rd2+ Rxd2 54. Kxd2 Kxh3 55. Ke3 h4 56. Kf2 f4 57. b5 axb5 58. axb5
f3 59. b6 Bb7 60. Kg1 Kg3 0-1

[Event "Mechanics' Fall TNM; 30/90, SD/30"]
[Site "San Francisco"]
[Date "2009.11.17"]
[Round "5.11"]
[White "Jelinek, Jules"]
[Black "Chen, Max"]
[Result "1-0"]
[WhiteElo "2131"]
[BlackElo "1726"]
[PlyCount "75"]
[EventDate "2009.??.??"]

1. b4 e5 2. Bb2 d6 3. e3 Nf6 4. c4 Be6 5. Nc3 Nbd7 6. Nf3 h6 7. d4 exd4 8. exd4
d5 9. c5 b6 10. c6 Nb8 11. b5 a6 12. a4 Bb4 13. Bd3 Ne4 14. Qb3 Qe7 15. O-O Nf6
16. Ne5 Bd6 17. Qc2 O-O 18. f4 Ne4 19. Nxe4 dxe4 20. Bxe4 Bxe5 21. fxe5 Qb4 22.
d5 Bg4 23. Rf4 Qc5+ 24. Qxc5 bxc5 25. Rxg4 Ra7 26. d6 Rd8 27. dxc7 Rxc7 28. e6
fxe6 29. Be5 Re7 30. c7 Nc6 31. Bxc6 Rc8 32. b6 h5 33. b7 Ree8 34. Rxg7+ Kf8
35. Bxe8 Rxe8 36. c8=Q c4 37. Qc5+ Re7 38. b8=Q# 1-0

[Event "Mechanics' Fall TNM; 30/90, SD/30"]
[Site "San Francisco"]
[Date "2009.11.10"]
[Round "4.6"]
[White "Jelinek, Jules"]
[Black "Drane, Robert"]
[Result "0-1"]
[WhiteElo "2131"]
[BlackElo "1861"]
[PlyCount "76"]
[EventDate "2009.??.??"]

1. b4 e6 2. Bb2 Nf6 3. b5 c5 4. e3 d5 5. c4 Nbd7 6. Nf3 b6 7. d3 Bb7 8. Be2 Bd6
9. Nc3 O-O 10. Qc2 Qc7 11. h4 Rad8 12. O-O-O d4 13. exd4 Bf4+ 14. Kb1 Bxf3 15.
Bxf3 cxd4 16. Ne2 Be5 17. Nxd4 Nc5 18. Nc6 Bxb2 19. Kxb2 Rd6 20. d4 Nb7 21.
Nxa7 Na5 22. Nc6 Nxc6 23. Bxc6 Rfd8 24. Qc3 Nd7 25. Kc2 Nb8 26. Be4 Qd7 27. d5
exd5 28. Bxd5 Qf5+ 29. Qd3 Qxf2+ 30. Rd2 Qc5 31. Qd4 Rxd5 32. Qxc5 Rxd2+ 33.
Kb3 bxc5 34. a3 Nd7 35. Rh3 Nb6 36. Kc3 Na4+ 37. Kb3 Ra8 38. Re3 Rb2# 0-1

[Event "Mechanics' Fall TNM; 30/90, SD/30"]
[Site "San Francisco"]
[Date "2009.12.01"]
[Round "7.5"]
[White "Jelinek, Jules"]
[Black "Krasnov, Steven"]
[Result "1-0"]
[WhiteElo "2131"]
[BlackElo "1932"]
[PlyCount "71"]
[EventDate "2009.??.??"]

1. b4 e5 2. Bb2 d6 3. e3 f5 4. c4 Nf6 5. Nf3 Be7 6. Nc3 O-O 7. Qb3 Kh8 8. d4 e4
9. Ng5 c6 10. a4 a5 11. b5 d5 12. Ba3 Ng4 13. Nh3 Bxa3 14. Qxa3 Nf6 15. cxd5
cxd5 16. Nf4 Re8 17. h4 b6 18. h5 Be6 19. Rc1 Ra7 20. Be2 Nbd7 21. Bd1 Nf8 22.
Bb3 Kg8 23. Nce2 Rc7 24. O-O Ree7 25. Rxc7 Rxc7 26. Rc1 Bf7 27. Ng3 g5 28. Nh3
g4 29. Ng5 Rxc1+ 30. Qxc1 Nxh5 31. Nxf7 Kxf7 (31... Nxg3 32. Nxd8 Ne2+ 33. Kf1
Nxc1 34. Bxd5+) 32. Nxh5 Ng6 33. Qc6 Ne7 34. Qf6+ Ke8 35. Ng7+ Kd7 36. Nxf5 1-0

[Event "Mechanics' Fall TNM; 30/90, SD/30"]
[Site "San Francisco"]
[Date "2009.10.27"]
[Round "2.4"]
[White "Jelinek, Jules"]
[Black "Ramachandran, Jayakrishnan"]
[Result "1-0"]
[WhiteElo "2131"]
[BlackElo "1922"]
[PlyCount "101"]
[EventDate "2009.??.??"]

1. b4 Nf6 2. Bb2 e6 3. b5 d5 4. e3 Bd6 5. Nf3 O-O 6. a4 a6 7. c4 axb5 8. axb5
Rxa1 9. Bxa1 Nbd7 10. d4 dxc4 11. Bxc4 Nb6 12. Bd3 Bb4+ 13. Nbd2 Bd7 14. O-O
Qe7 15. Qc2 Rc8 16. Rb1 h6 17. Ne5 Bxd2 18. Qxd2 Ra8 19. e4 Be8 20. Bc3 Ra4 21.
g4 Nfd7 22. Nf3 Nf6 23. g5 hxg5 24. Nxg5 Nh5 25. f4 Qf6 26. Rf1 Qh6 27. f5 Bd7
28. fxe6 fxe6 29. e5 g6 30. Rf7 Ra2 31. Qc1 Ng7 32. Qf4 Nf5 33. Bxf5 gxf5 34.
Rh7 Nd5 35. Qg3 Nxc3 36. Rxh6 Ne2+ 37. Kf2 Nxg3+ 38. Kxg3 Bxb5 39. Nxe6 Ra3+
40. Kf4 Bd3 41. Rf6 Ra6 42. Kg5 Ra2 43. h4 Kh7 44. Rf7+ Kg8 45. Rf8+ Kh7 46.
Kf6 Rg2 47. Ng5+ Rxg5 48. hxg5 f4 49. e6 f3 50. e7 f2 51. Ke5 {B time expired}
1-0

[Event "Mechanics' Summer TNM; 30/90, SD/30"]
[Site "San Francisco"]
[Date "2009.06.25"]
[Round "5.11"]
[White "Jones, James"]
[Black "Afkham-Ebrahimi, Payam"]
[Result "1-0"]
[WhiteElo "2030"]
[BlackElo "1772"]
[PlyCount "43"]
[EventDate "2009.??.??"]

1. e4 c6 2. d4 d5 3. exd5 cxd5 4. c4 Nf6 5. Nc3 Nc6 6. Bg5 e6 7. Nf3 Be7 8. Bd3
O-O 9. O-O h6 (9... dxc4 10. Bxc4 b6 (10... a6)) 10. Bh4 Qb6 11. Rb1 (11. cxd5
Nxd5 12. Nxd5 exd5 13. Bxe7 Nxe7) (11. Bxf6 Bxf6 12. cxd5 Nxd4) (11. c5 Qxb2
12. Nb5 a6 13. Rb1 Qxa2 14. Ra1 $11) 11... dxc4 12. Bxc4 Rd8 13. Ne2 g5 (13...
e5) 14. Bg3 g4 15. Ne5 Nxd4 16. Nxd4 Rxd4 (16... Qxd4 17. Qc2 Qd2 18. Qb3 Ne4)
17. Qc1 Bf8 18. Bf4 Qc7 19. Re1 Nh7 (19... Nd7) 20. b3 Bd6 21. Qe3 f6 22. Qxd4
1-0

[Event "Mechanics' Wilkerson Mem TNM; 30/90, SD"]
[Site "San Francisco"]
[Date "2009.09.15"]
[Round "7.2"]
[White "Jones, James"]
[Black "Fuentes, Romulo"]
[Result "1-0"]
[WhiteElo "2069"]
[BlackElo "2121"]
[PlyCount "73"]
[EventDate "2009.??.??"]

1. e4 c5 2. d4 cxd4 3. Nf3 a6 4. Bc4 e6 5. Bb3 Bc5 6. O-O Nc6 7. c3 dxc3 8.
Nxc3 b5 9. Bg5 f6 10. Bf4 Nge7 11. Rc1 Qb6 12. Bd6 Bxd6 13. Qxd6 Qb8 14. Qc5 d6
15. Qh5+ g6 16. Qh6 Kf7 17. Ng5+ fxg5 18. f4 Qb6+ 19. Kh1 Nd4 20. f5 gxf5 21.
exf5 Nxb3 22. f6 Ng6 23. Qg7+ Ke8 24. f7+ Kd8 25. Qxh8+ Nxh8 26. f8=Q+ Kd7 27.
Qg7+ Kc6 28. Na4+ Nxc1 29. Rxc1+ Qc5 30. Nxc5 dxc5 31. Qxh8 Bb7 32. Qe5 c4 33.
Rd1 Kb6 34. Rd7 Rc8 35. Qxe6+ Bc6 36. h3 Ka5 37. Ra7 1-0

[Event "Mechanics' Fall TNM; 30/90, SD/30"]
[Site "San Francisco"]
[Date "2009.11.24"]
[Round "6.5"]
[White "Jones, James"]
[Black "Grey, Peter"]
[Result "1-0"]
[WhiteElo "2043"]
[BlackElo "2007"]
[PlyCount "53"]
[EventDate "2009.??.??"]

1. e4 e5 2. Bc4 Nf6 3. Nf3 Nxe4 4. d4 d5 5. Bb3 Be6 6. dxe5 Nc6 7. Be3 Bc5 8.
Qd3 O-O 9. O-O Qe7 10. Nc3 Nxc3 11. Qxc3 Bxe3 12. Qxe3 Na5 13. Rad1 Nxb3 14.
Qxb3 c5 15. Rfe1 d4 16. Qa3 Rfe8 17. Nd2 Bd5 18. f4 b6 19. Ne4 Bxe4 20. Rxe4
Qb7 21. Rde1 Rad8 22. Qg3 Kh8 23. f5 Qd5 24. Rg4 g6 25. Qh4 Qd7 26. f6 h5 27.
Rg5 1-0

[Event "Mechanics' Wilkerson Mem TNM; 30/90, SD"]
[Site "San Francisco"]
[Date "2009.09.01"]
[Round "5.7"]
[White "Jones, James"]
[Black "Krasnov, Steven"]
[Result "1-0"]
[WhiteElo "2069"]
[BlackElo "1893"]
[PlyCount "81"]
[EventDate "2009.??.??"]

1. e4 g6 2. d4 Bg7 3. Bc4 e6 4. Nf3 a6 5. a4 b6 6. O-O Bb7 7. Nc3 Ne7 8. Bb3 d5
9. Re1 dxe4 10. Nxe4 Nd7 11. Bg5 h6 12. Bxe7 Qxe7 13. d5 O-O 14. dxe6 fxe6 15.
Nd4 Bd5 16. c3 Rae8 17. Ng3 Qf7 18. Bxd5 Qxf2+ 19. Kh1 exd5 20. Ne6 Rf7 21. Rf1
Qxb2 22. Rxf7 Kxf7 23. Nxc7 Re5 24. Nxd5 Qf2 25. Nb4 Nc5 26. Nc6 Re6 27. Nd8+
Ke7 28. Nxe6 Nxe6 29. Qd3 Nf4 30. Qe4+ Ne6 31. Qxg6 Bxc3 32. Rf1 Qa2 33. Qf7+
Kd8 34. Rd1+ Kc8 35. Qd7+ Kb8 36. Qd6+ Kb7 37. Ne4 Bd4 38. Qd7+ Kb8 39. Qc6 Qb3
40. Rc1 Bc5 41. Nd6 1-0

[Event "Mechanics' Fall TNM; 30/90, SD/30"]
[Site "San Francisco"]
[Date "2009.12.01"]
[Round "7.3"]
[White "Jones, James"]
[Black "Lee, Andy"]
[Result "0-1"]
[WhiteElo "2043"]
[BlackElo "2278"]
[PlyCount "86"]
[EventDate "2009.??.??"]

1. e4 e5 2. d4 exd4 3. Bc4 Nf6 4. e5 d5 5. Qxd4 dxc4 6. Qxd8+ Kxd8 7. exf6 gxf6
8. Nf3 Bf5 9. Nd4 Be4 10. O-O c5 11. Nb5 Bxc2 12. Bf4 Nd7 13. N1a3 Bd3 14. Rfe1
Ne5 15. Bxe5 fxe5 16. Rxe5 a6 17. Rd5+ Ke7 18. Nc7 Rc8 19. Re1+ Kf6 20. Rd7 b5
21. Nd5+ Kg7 22. Nf4 Bf5 23. Rd5 Bg6 24. h4 h5 25. Rg5 Rc6 26. Nc2 Bd6 27. Nxg6
fxg6 28. Ne3 Rf8 29. Nd5 Rf5 30. Rxf5 gxf5 31. Re8 Kf7 32. Rh8 Be5 33. Rxh5
Bxb2 34. Rxf5+ Ke6 35. g4 Bd4 36. Kf1 b4 37. Ke2 Rd6 38. Nf4+ Kd7 39. Rd5 a5
40. g5 a4 41. f3 b3 42. axb3 cxb3 43. Rxd6+ Kxd6 0-1

[Event "Mechanics' Summer TNM; 30/90, SD/30"]
[Site "San Francisco"]
[Date "2009.06.30"]
[Round "6.9"]
[White "Jones, James"]
[Black "Riese, Kayven"]
[Result "1-0"]
[WhiteElo "2030"]
[BlackElo "1934"]
[PlyCount "73"]
[EventDate "2009.??.??"]

1. e4 c5 2. d4 cxd4 3. c3 dxc3 4. Nxc3 Nc6 5. Nf3 e6 6. Bc4 Qc7 7. O-O Nf6 8.
Nb5 Qb8 9. e5 a6 10. Nc3 Nxe5 11. Bf4 Bd6 12. Bxe5 Bxe5 13. Re1 Bd6 14. Nd5 b5
15. Nxf6+ gxf6 16. Bd5 Ra7 17. Qd4 Be7 18. Rad1 Bb7 19. Qg4 Bxd5 20. Rxd5 exd5
21. Qg7 Rf8 22. Qxf6 d6 23. Nd4 Qc7 24. Nf5 Qd8 25. Qd4 Qb8 26. Qxd5 Kd8 27.
Nd4 Rc7 28. h3 Qb6 29. b4 Bf6 30. Nf5 Qc6 31. Qd3 Re8 32. Rd1 d5 33. Nh6 Bg5
34. Nf5 Re4 35. Qxe4 Rd7 36. Qe5 Bf6 37. Qb8+ 1-0

[Event "Mechanics' Fall TNM; 30/90, SD/30"]
[Site "San Francisco"]
[Date "2009.11.03"]
[Round "3.2"]
[White "Jones, James"]
[Black "Shakhnazarov, Oleg"]
[Result "0-1"]
[WhiteElo "2043"]
[BlackElo "2200"]
[PlyCount "70"]
[EventDate "2009.??.??"]

1. e4 e5 2. Bc4 Nc6 3. Nf3 Nf6 4. d4 exd4 5. O-O Be7 6. e5 Ne4 7. Bd5 Nc5 8.
Nxd4 Nxe5 9. Nf5 O-O 10. Re1 Bf6 11. f4 Ng6 12. Nc3 d6 13. Qh5 c6 14. Bb3 d5
15. Bd2 b5 16. Rad1 b4 17. Na4 Ne6 18. g3 Rb8 19. Be3 a5 20. Nh6+ gxh6 21. f5
Ng7 22. Qxh6 Nxf5 23. Qh5 Nxe3 24. Rxe3 Qd7 25. Qe2 Qg4 26. Qxg4 Bxg4 27. Rdd3
Rfe8 28. Kg2 Bf5 29. Rxe8+ Rxe8 30. Rd2 Bg5 31. Rf2 Be4+ 32. Kh3 Be3 33. Re2
Bf3 34. Re1 Re5 35. g4 Bf2 0-1

[Event "Mechanics' Wilkerson Mem TNM; 30/90, SD"]
[Site "San Francisco"]
[Date "2009.08.18"]
[Round "3.8"]
[White "Jones, James"]
[Black "Standen, Julian"]
[Result "1-0"]
[WhiteElo "2069"]
[BlackElo "1752"]
[PlyCount "33"]
[EventDate "2009.??.??"]

1. e4 c6 2. d4 d5 3. exd5 cxd5 4. c4 Nf6 5. Nc3 Nc6 6. Bg5 e6 7. Nf3 Be7 8. Bd3
dxc4 9. Bxc4 O-O 10. O-O b6 11. Re1 Bb7 12. a3 Rc8 13. Ba2 h6 14. Bh4 Nd5 15.
Nxd5 Bxh4 16. Nf4 Re8 17. d5 1-0

[Event "Mechanics' Fall TNM; 30/90, SD/30"]
[Site "San Francisco"]
[Date "2009.10.20"]
[Round "1.9"]
[White "Jones, James"]
[Black "Trestor, David"]
[Result "1-0"]
[WhiteElo "2043"]
[BlackElo "1656"]
[PlyCount "81"]
[EventDate "2009.??.??"]

1. e4 c5 2. b4 d5 3. e5 c4 4. d3 cxd3 5. Bxd3 Nc6 6. Bb5 e6 7. Qg4 Qb6 8. Bxc6+
bxc6 9. c3 Ba6 10. a4 Ne7 11. Be3 Qb8 12. f4 Nf5 13. Bf2 Bxb4 14. cxb4 Qxb4+
15. Nd2 O-O 16. Ne2 Rfb8 17. Qf3 c5 18. g4 Bxe2 19. Kxe2 Nd4+ 20. Bxd4 Qxd4 21.
Qe3 Rb4 22. Qxd4 Rxd4 23. Ke3 g5 24. fxg5 Rxg4 25. Rhg1 Rh4 26. Nf3 Re4+ 27.
Kd3 Rb8 28. Rgb1 Rxb1 29. Rxb1 Rxa4 30. Rb7 Ra3+ 31. Ke2 a5 32. h4 a4 33. h5
Rb3 34. Ra7 a3 35. h6 Kf8 36. g6 fxg6 37. Rxh7 a2 38. Ra7 Rb2+ 39. Ke3 Rb7 40.
Ra8+ Kf7 41. Ng5+ 1-0